| 000 | 00807nam a22002417i 4500 | ||
|---|---|---|---|
| 003 | OSt | ||
| 005 | 20220117150911.0 | ||
| 008 | 180903b xxu||||| |||| 00| 0 eng d | ||
| 020 | _a9716856859 | ||
| 050 |
_aLB1028.3 _b.L963 2007 |
||
| 040 |
_erda _c0 _beng |
||
| 100 |
_aLucido, Paz I. _eauthor. |
||
| 245 |
_aEducational technology 2 : selection, production and utilization of appropriate technology tools for instruction / _cPaz I. Lucido. |
||
| 264 |
_aQuezon City : _bLorimar Publishing inc., _cc2007. |
||
| 300 |
_a106 pages ; _c25 cm. |
||
| 336 |
_atext _btxt _2rdacontent |
||
| 337 |
_aunmediated _bn _2rdamedia |
||
| 338 |
_avolume _bnc _2rdacarrier |
||
| 650 | _aEducational technology. | ||
| 650 | _aTeaching -- Aids and devices. | ||
| 650 | _aComputer assisted instruction. | ||
| 942 |
_2lcc _cF |
||
| 999 |
_c10386 _d10386 |
||